<?xml version="1.0" encoding="UTF-8"?>
<marc:record xmlns:marc="http://www.loc.gov/MARC21/slim">
   <marc:leader>00000nam a2200000 a 4500</marc:leader>
   <marc:datafield ind1="1" ind2=" " tag="100">
      <marc:subfield code="a">Hunter, Erin</marc:subfield>
      <marc:subfield code="4">aut</marc:subfield>
      <marc:subfield code="e">Verfasser/-in</marc:subfield>
   </marc:datafield>
   <marc:datafield ind1=" " ind2=" " tag="653">
      <marc:subfield code="a">Katzen</marc:subfield>
   </marc:datafield>
   <marc:datafield ind1="0" ind2="0" tag="245">
      <marc:subfield code="a">Warrior Cats</marc:subfield>
   </marc:datafield>
   <marc:datafield ind1="0" ind2="0" tag="245">
      <marc:subfield code="b">Jugendroman ab 12 - 15 Jahren; Bd. 4/5</marc:subfield>
   </marc:datafield>
   <marc:datafield ind1=" " ind2="1" tag="264">
      <marc:subfield code="b">Beltz und Gelberg</marc:subfield>
      <marc:subfield code="c">2016</marc:subfield>
   </marc:datafield>
   <marc:datafield ind1="1" ind2=" " tag="490">
      <marc:subfield code="a">Warrior Cats</marc:subfield>
   </marc:datafield>
   <marc:datafield ind1="1" ind2=" " tag="520">
      <marc:subfield code="a">Kurzbeschreibung Nach der großen Schlacht an den vier Eichen sind alle Katzen tief erschüttert. Nie wieder soll sich so ein blutiger Kampf wiederholen. Gemeinsam entscheiden die Wald- und Moorkatzen, die Lagergrenzen aufzuheben. Grauer Flug fällt es schwer, an ein friedliches Zusammenleben mit Wolkenhimmel zu glauben. Zu groß ist die Trauer um verlorene Katzen. Als plötzlich eine verheerende Krankheit in beiden Lagern ausbricht, sind die Katzen völlig hilflos. Bis sie begreifen, dass sie nur überleben können, wenn sie zusammenhalten. Als sie eine mysteriöse Nachricht ihrer Kriegerahnen erhalten, gibt es Hoffnung: Sie müssen wachsen und sich ausbreiten wie der Leuchtende Stern.  Über den Autor Hinter dem Namen Erin Hunter verbergen sich gleich drei Autorinnen. Während Victoria Holmes meistens die Ideen hat und das gesamte Geschehen im Auge behält, bringen Cherith Baldry und Kate Cary die Abenteuer Papier.  Friederike Levin, geboren 1956, übersetzt aus dem Englischen, u. a. Erzählungen, eiskalte kanadische Krimis und auch einige Vampirromane.</marc:subfield>
   </marc:datafield>
   <marc:datafield ind1=" " ind2=" " tag="020">
      <marc:subfield code="a">9783407821072</marc:subfield>
      <marc:subfield code="9">9783407821072</marc:subfield>
   </marc:datafield>
</marc:record>
